Top 20 Countries With The Most Imports - Statistics

General Stats
  • This quiz has been taken 97 times
  • The average score is 18 of 20
Answer Stats
$/year Answer % Correct
2.1 Tn China
100%
2.3 Tn United States
100%
442 Bn Canada
97%
452 Bn India
97%
601 Bn France
96%
644 Bn Japan
96%
615 Bn United Kingdom
96%
1.1 Tn Germany
95%
432 Bn Italy
95%
338 Bn Spain
95%
420 Bn Mexico
92%
238 Bn Russia
92%
457 Bn South Korea
91%
453 Bn Netherlands
88%
300 Bn Belgium
84%
225 Bn Turkey
84%
285 Bn Taiwan
77%
264 Bn Switzerland
71%
312 Bn Singapore
67%
229 Bn United Arab Emirates
67%
No matching quizzes found
Score Distribution
Percent of People with Each Score
Percentile by Number Answered
Your Score History
You have not taken this quiz